[Event "Canadian op"]
[Site "Quebec"]
[Date "1981.07.15"]
[Round "6"]
[White "Brodie, Hugh"]
[Black "Kratky, Bohumil"]
[Result "1/2-1/2"]
[WhiteElo "1906"]
[BlackElo "1679"]
[PlyCount "103"]
[EventDate "1981.07.11"]
[EventType "tourn"]
[EventRounds "10"]
[EventCountry "CAN"]
[SourceTitle "EXT 2022"]
[Source "ChessBase"]
[SourceDate "2021.10.06"]
[SourceVersion "1"]
[SourceVersionDate "2021.10.06"]
[SourceQuality "1"]

1. f4 Nf6 2. Nf3 d6 3. Nc3 h6 4. e4 Nc6 5. d4 Bg4 6. Be3 Nd7 7. h3 Bxf3 8. Qxf3 e6 9. Bc4 a6 10. 0-0 Qe7 11. d5 Nd8 12. dxe6 Nxe6 13. Nd5 Qd8 14. Rad1 c6 15. Nc3 Qf6 16. Qg3 b5 17. Bb3 Nec5 18. Qf3 Nxb3 19. axb3 Rc8 20. Rfe1 Be7 21. Bd4 Qg6 22. Rd2 0-0 23. Red1 b4 24. Ne2 f5 25. exf5 Qxf5 26. g4 Qf7 27. Be3 c5 28. Ng3 Ne5 29. Qe4 Ng6 30. Nf5 Rfe8 31. Qf3 Nh4 32. Nxh4 Bxh4 33. Rxd6 Bf6 34. Kf2 Bxb2 35. Qd5 Qxd5 36. R1xd5 Bd4 37. Bxd4 cxd4 38. Rxd4 Rxc2+ 39. Rd2 Rc3 40. R2d3 Rc2+ 41. Kf3 a5 42. R6d5 Ra8 43. R5d4 Rac8 44. Ke4 Re2+ 45. Kf3 Rec2 46. Rd5 R8c3 47. Ke3 Rb2 48. Rxc3 bxc3 49. Rxa5 Rxb3 50. Rc5 c2+ 51. Ke4 Rxh3 52. Rxc2 1/2-1/2